Guiding Hand (Record no. 5231)

MARC details
000 -LEADER
fixed length control field 00587nam a2200241 a 4500
020 ## - INTERNATIONAL STANDARD BOOK NUMBER
ISBN 0340451
082 00 - DEWEY DECIMAL CLASSIFICATION NUMBER
Classification number 275.1
Author Cutter BOS
100 ## - MAIN ENTRY--AUTHOR NAME
Author name Bosshardt, Alfred
245 ## - TITLE STATEMENT
Title Guiding Hand
260 ## - PUBLICATION, DISTRIBUTION, ETC. (IMPRINT)
Place of publication Jeddah
Name of publisher Hodder and Stoughton
Year of publication 1973
300 ## - PHYSICAL DESCRIPTION
Number of Pages 190p
500 ## - GENERAL NOTE
General note includes index and biblioraphy
505 2# - FORMATTED CONTENTS NOTE
Formatted contents note Bibliography
650 ## - SUBJECT ADDED ENTRY--TOPICAL TERM
Topical Term Christianity-China
942 ## - ADDED ENTRY ELEMENTS (KOHA)
Koha item type Books
700 1# -
-- Bosshardt, Alfred
Holdings
Collection code Home library Current library Date acquired Cost, normal purchase price Full call number Accession Number Koha item type
  Henry Martyn Institute Library Henry Martyn Institute Library 07/18/2007 84.00 275.1 BOS 08771 Books
                   Copyright © 2026 | Henry Martyn Institute | Hyderabad | TS-500052 | INDIA | Implemented by hmi.edu.in
Hit-Count:

Powered by Koha